000 00734nam a22002177a 4500
003 OSt
005 20250704075317.0
008 250704b |||||||| |||| 00| 0 eng d
020 _a9786214160235
040 _aDWCL - Main lib
_cOC
082 _aFil. 657.45 C112c 2018
100 _aCabrera, Ma. Elenita B.
245 _aCPA examination reviewer in auditing problems/
_cMa. Elenita B. Cabrera
250 _a2018 edition.
260 _aManila :
_b GIC Enterprises & Co.,
_cc2018
300 _ai, various pagings ;
_c23 cm.
650 _a1. Auditing--Examination, questions, etc.
650 _a2. Auditing--Problems, exercises, etc.
700 _aGilbert Anthony B. Cabrera
942 _2ddc
_cBK - FIL
_e 2018 edition.
_kFil,
_n0
999 _c3377
_d3377